Countries From Three Sites: Europe Quiz Stats

 Plays Quiz Updated Jul 14, 2016

Challenge
Share
Tweet
Embed
Score 0/31 Timer 10:00
11 Plays Today
% Correct
France
97.4%
United Kingdom
97%
Germany
94.6%
Greece
92.2%
Monaco
83.1%
Poland
77.3%
Romania
75.4%
Turkey
74.8%
Ireland
72.2%
Spain
69.7%
Netherlands
68.9%
Vatican City
67.6%
Austria
65.8%
Italy
65.6%
Finland
57.3%
Norway
53%
% Correct
Denmark
49%
Portugal
46.5%
Sweden
44.9%
Czechia
41.8%
San Marino
41%
Belgium
35.5%
Switzerland
35.2%
Hungary
33.7%
Lithuania
30.2%
Serbia
29.9%
Ukraine
24%
Malta
20.8%
Estonia
20.3%
Latvia
16.2%
Bulgaria
14.5%

You're not logged in!

Compare scores with friends on all Sporcle quizzes.
OR
Log In

You Might Also Like...

Show Comments

Extras

Top Quizzes Today


Score Distribution

Your Account Isn't Verified!

In order to create a playlist on Sporcle, you need to verify the email address you used during registration. Go to your Sporcle Settings to finish the process.

Report this User

Report this user for behavior that violates our Community Guidelines.

Details: